000 00702nam a2200193Ia 4500
005 20250902173138.0
008 210303s9999 xx 000 0 und d
016 _2reto2022b
040 _aNLN
_bEnglish
_eAACR2
086 _aOD DT515 .L13
_bA222
110 _aNIGERIA. Lagos State. Tribunal of Inquiry into the purchase of Scania-Metropol buses from Sweden, 1970
245 0 _aComments of the Lagos State Government on the report /
260 _aLagos :
_bLagos State Information Division, Governor's. office,
_c1971
300 _a48p. ;
_b24cm
563 _a(pbk)
650 _aScania
_vMetropol buses in Lagos
_943610
650 _aMotor vehicles
_vExaminations, questions etc
_943609
942 _cBK
999 _c22082
_d22082